| 000 | 00435nam a22001697a 4500 | ||
|---|---|---|---|
| 003 | CEME | ||
| 005 | 20210628202432.0 | ||
| 008 | 210204b xxu||||| |||| 00| 0 eng d | ||
| 020 | _a81-7808-567-4 | ||
| 040 | _c. | ||
| 082 | _a519.4 GER | ||
| 100 |
_aGerald, Curtis.F Wheatley, Patrick.O _959887 |
||
| 245 | _aApplied numerical analysis | ||
| 260 |
_aINDIA _bPEARSON EDUCATION ASIA _c2002 |
||
| 300 | _aXIV,758P | ||
| 942 |
_cBK _2ddc |
||
| 999 |
_c569759 _d569759 |
||